000 00249nam a2200097Ia 4500
082 _aJ BER
245 0 _aVUUR VIR 'N DONKER AAND
100 _a BERGH, Rene Kaapstad, 1984
_947336
942 _cBK
008 210817s9999 xx 000 0 und d
999 _c154817
_d154816